| 000 -LEADER |
| fixed length control field |
00431cam a22001337a 4500 |
| 008 - FIXED-LENGTH DATA ELEMENTS--GENERAL INFORMATION |
| fixed length control field |
180718b1944 xxu||||| |||| 00| 0 eng d |
| 082 ## - DEWEY DECIMAL CLASSIFICATION NUMBER |
| Classification number |
COx54074 Su72 |
| 100 ## - MAIN ENTRY--PERSONAL NAME |
| Personal name |
Sundram, Lanka |
| 245 ## - TITLE STATEMENT |
| Title |
Secular state for India: thoughts on India's political future |
| Statement of responsibility, etc. |
by Lanka Sundram |
| 260 ## - PUBLICATION, DISTRIBUTION, ETC. |
| Place of publication, distribution, etc. |
Delhi |
| Name of publisher, distributor, etc. |
Rajkamal Publication |
| Date of publication, distribution, etc. |
1944 |
| 300 ## - PHYSICAL DESCRIPTION |
| Extent |
114p. |
| 650 ## - SUBJECT ADDED ENTRY--TOPICAL TERM |
| Topical term or geographic name entry element |
India --Religion |
| 650 ## - SUBJECT ADDED ENTRY--TOPICAL TERM |
| Topical term or geographic name entry element |
India --Politics and government --1919-1947 |